[Event "Campeonato Estadual Absoluto Std RJ 202"]
[Site "TTC Sala de Xadrez Ed Leonard"]
[Date "2025.11.20"]
[Round "2.12"]
[White "Sarmento, Flora Ferreira"]
[Black "Maia, Erick De Figueiredo"]
[Result "0-1"]
[WhiteElo "1712"]
[BlackElo "1841"]
[PlyCount "164"]
[EventDate "2025.11.20"]
[EventRounds "6"]
[EventCountry "BRA"]

1. d4 Nf6 2. c4 e6 3. a3 d5 4. cxd5 exd5 5. Nc3 Bd6 ({RR} 5... c6 6. Bg5 Be7 7. e3 Bf5 8. Nge2 Nbd7 9. Ng3 Bg6 10. Bd3 Bxd3 11. Qxd3 g6 12. f3 Nf8 13. O-O-O Ne6 14. Bh6 Qd7 15. Kb1 O-O-O 16. Nge2 Kb8 17. e4 Ka8 18. e5 Ng8 19. Be3 f6 20. f4 {Firouzja,A (2785)-Sjugirov,S (2712) chess.com INT 2022 1-0 (67)}) 6. Bg5 c6 7. Qc2 O-O 8. e3 $146 ({RR} 8. h3 Re8 9. Nf3 b6 10. e3 c5 11. Nxd5 cxd4 12. Nxd4 Bc5 13. Nxf6+ gxf6 14. Bh6 Bxd4 15. Be2 f5 16. exd4 Ba6 17. O-O Rxe2 18. Qxf5 Qh4 19. Bg5 Qh5 20. Qf6 Qg6 21. Qd8+ Kg7 22. Qd5 Nc6 {Orrason,A (1011)-Hallmundarson,B Reykjavik 2020 1-0}) ({RR} 8. Nf3 Re8 9. e3 h6 10. Bh4 Nbd7 11. Bd3 b5 12. O-O Bb7 13. b4 a5 14. Rab1 axb4 15. axb4 Nb6 16. e4 dxe4 17. Nxe4 Be7 18. Nc5 Bxc5 19. dxc5 Nbd5 20. Rfd1 Qc7 21. Bg3 Nf4 22. Bf1 N6h5 {Farias,S (1942)-Kovac,P (2312) chess.com INT 2025 1-0 (37)}) ({RR} 8. h3 Re8 9. Nf3 b6 10. e3 c5 11. Nxd5 cxd4 12. Nxd4 Bc5 13. Nxf6+ gxf6 14. Bh6 Bxd4 15. Be2 f5 16. exd4 Ba6 17. O-O Rxe2 18. Qxf5 Qh4 19. Bg5 Qh5 20. Qf6 Qg6 21. Qd8+ Kg7 22. Qd5 Nc6 {Orrason,A (1011)-Hallmundarson,B Reykjavik 2020 1-0}) 8... Nbd7 9. Bd3 Re8 10. Bxh7+ Kh8 11. Nge2 Qa5 12. Bf5 Ne4 13. Bxe4 dxe4 14. Bf4 Bxf4 15. Nxf4 Nf6 16. h4 Bf5 17. Qd2 Qc7 18. Nce2 Rad8 19. Ng3 Bg4 20. Rc1 Qd6 21. Qa5 b6 22. Qxa7 c5 23. Qxf7 Rd7 24. Qc4 cxd4 25. Qb4 dxe3 26. Qxd6 exf2+ 27. Kxf2 Rxd6 28. Nge2 Rd2 29. b3 e3+ 30. Ke1 Ne4 31. Rf1 Nc5 32. Nc3 Nxb3 33. Rb1 Nd4 34. Ng6+ Kg8 35. Rf4 Nc2+ 36. Kf1 e2+ 37. Nxe2 Bxe2+ 38. Kg1 b5 39. Rf2 Nxa3 40. Rb3 Rd1+ 41. Kh2 Nc2 42. Rb2 Nd4 43. Rf4 Bc4 44. Rbf2 Nc6 45. h5 Rdd8 46. Kh3 Bd3 47. Nh4 Rf8 48. h6 gxh6 49. Rg4+ Kh7 50. Rb2 Bc4 51. Re4 Rd4 52. Re1 Rd3+ 53. g3 Rf7 54. Re8 Nd4 55. Rb1 Rg7 56. Rg1 Be6+ 57. Kh2 Rd2+ 58. Rg2 Rxg2+ 59. Kxg2 Rb7 60. Kf2 b4 61. Ke3 Nf5+ 62. Kd3 Nxh4 63. Rxe6 Ng6 64. Re4 b3 65. Re1 b2 66. Kc2 b1=Q+ 67. Rxb1 Rxb1 68. Kxb1 Ne7 69. Kc2 Nf5 70. g4 Ne3+ 71. Kd2 Nxg4 72. Ke2 Kg6 73. Kf3 Kg5 74. Kg3 Ne3 75. Kh3 Nf5 76. Kh2 Kg4 77. Kg2 Ne3+ 78. Kh2 Kh4 79. Kg1 Kg3 80. Kh1 h5 81. Kg1 h4 82. Kh1 Ng4 0-1

[Event "Campeonato Estadual Absoluto Std RJ 202"]
[Site "TTC Sala de Xadrez Ed Leonard"]
[Date "2025.11.20"]
[Round "2.13"]
[White "Andriska, Matheus Jose Amante"]
[Black "Campos, Rafael De Lima"]
[Result "1-0"]
[WhiteElo "1534"]
[BlackElo "1801"]
[PlyCount "69"]
[EventDate "2025.11.20"]
[EventRounds "6"]
[EventCountry "BRA"]

1. d4 Nf6 2. Nf3 g6 3. e3 Bg7 4. Bd3 O-O 5. O-O d6 6. b3 c5 ({RR} 6... Nbd7 7. Bb2 e5 8. Nbd2 Re8 9. e4 Nh5 10. Re1 exd4 11. Bxd4 Bxd4 12. Nxd4 Nc5 13. Be2 Nf4 14. Bf3 Qf6 15. Nc4 Nfd3 16. cxd3 Qxd4 17. Re3 Bd7 18. Na3 Bc6 19. Nc2 Qf6 20. Rc1 Ne6 21. d4 {Valderrama Espinosa,G (2326)-Dobrov,V (2521) Neiva 2005 0-1 (61)}) 7. Bb2 cxd4 8. exd4 Nfd7 $146 ({RR} 8... Nc6 9. c4 Bg4 10. Nbd2 e5 11. d5 Nb4 12. Be2 Re8 13. a3 Na6 14. Re1 Qb6 15. h3 Bf5 16. Nh4 Bd7 17. Bd3 e4 18. Bc2 g5 19. Re2 gxh4 20. Nxe4 Nxe4 21. Bxg7 Kxg7 22. Bxe4 Nc5 23. Bc2 {Moore,M (1505)-Dunlap,R (1632) Romulus 2000 0-1 (52)}) ({RR} 8... Nc6 9. a3 d5 10. h3 Ne4 11. c4 Nf6 12. c5 a5 13. Nc3 e6 14. Na4 Nd7 15. Re1 Re8 16. Bb5 Qc7 17. Rc1 Qf4 18. Bc3 Nf6 19. Nb6 Rb8 20. Bd2 Qc7 21. Ne5 Ne4 22. Bxa5 Bxe5 23. dxe5 {Souleidis,G (2418)-Behzad Nazif,P (2090) chess.com INT 2025 1-0 (50)}) ({RR} 8... Nc6 9. a3 Nh5 10. Re1 Bg4 11. c3 e5 12. dxe5 Nxe5 13. Be4 Nf4 14. Bc1 Bxf3 15. Bxf3 Nfd3 16. Rf1 Nxc1 17. Qxc1 Nxf3+ 18. gxf3 Qh4 19. f4 Bh6 20. f3 Bxf4 21. Qc2 Rfe8 22. Ra2 Re5 23. Kh1 {Syed Ahmad,A (2203)-Wasim,A (2135) Lahore 2016 0-1 (44)}) ({RR} 8... Nc6 9. c3 Bg4 10. h3 Bd7 11. Qe2 Nd5 12. Qd2 Rc8 13. Na3 a6 14. Nc2 Qc7 15. c4 Nf6 16. Rae1 Rfe8 17. d5 Na7 18. Ne3 b5 19. Rc1 Qb7 20. Ng5 bxc4 21. Bxc4 Bb5 22. Bd4 h6 23. Nf3 {Salinas,V (1659)-Ocampos,M (1739) Asuncion 2015 0-1 (57)}) 9. Re1 Nc6 10. Nbd2 d5 11. a3 Re8 12. c4 e5 13. Qe2 Kf8 14. cxd5 Nxd4 15. Nxd4 exd4 16. Qf3 Ne5 17. Qe2 Nxd3 18. Qxd3 Rxe1+ 19. Rxe1 Qxd5 20. Qf3 Be6 21. Rc1 Re8 22. Kf1 Qb5+ 23. Nc4 Bh6 24. a4 Qb4 25. Ba3 Bxc4+ 26. bxc4 Bxc1 27. Bxb4+ Kg7 28. Qd1 Bg5 29. Qxd4+ Bf6 30. Qxa7 Re4 31. Qc5 Re8 32. Qb5 Rc8 33. Ke2 Rc7 34. Kd3 Bd8 35. Ba5 1-0

[Event "Campeonato Estadual Absoluto Std RJ 202"]
[Site "TTC Sala de Xadrez Ed Leonard"]
[Date "2025.11.22"]
[Round "3.1"]
[White "Yunes, David Teles"]
[Black "Rangel, Daniel"]
[Result "0-1"]
[WhiteElo "1990"]
[BlackElo "2283"]
[PlyCount "100"]
[EventDate "2025.11.20"]
[EventRounds "6"]
[EventCountry "BRA"]

1. e4 c5 2. Nf3 d6 3. Bb5+ Bd7 4. Bxd7+ Nxd7 5. O-O Ngf6 6. Re1 e6 7. c3 Be7 8. d4 O-O 9. Nbd2 cxd4 10. cxd4 Rc8 11. Nf1 Qb6 12. Qe2 d5 13. e5 Ne4 14. Ng3 Nxg3 15. hxg3 Rc4 16. b3 $146 ({RR} 16. Bg5 Bb4 17. Rec1 Rfc8 18. a3 Bf8 19. b3 Rxc1+ 20. Rxc1 Rxc1+ 21. Bxc1 Qc6 22. Bb2 Be7 23. g4 Nb8 24. g3 b5 25. Kf1 Qa6 26. Ne1 Qc6 27. Qc2 a5 28. Ke2 Qxc2+ 29. Nxc2 Nd7 30. Bc3 Bd8 {Grodotzki,T (2018)-Wuenderlich,R (2062) Ruhrgebiet 2004 ½-½ (47)}) 16... Rc6 17. Be3 Rfc8 18. Rec1 Ba3 19. Rxc6 Qxc6 20. Ng5 h6 21. Nh3 Qc3 22. Rf1 Qc2 23. Qh5 Qg6 24. Qh4 Qe4 25. Qh5 Bf8 26. g4 Rc3 27. g5 g6 28. Qf3 Qxf3 29. gxf3 hxg5 30. Nxg5 Nb8 31. Rc1 Rxc1+ 32. Bxc1 Nc6 33. Be3 Ba3 34. f4 Nb4 35. Kf1 Nxa2 36. Ke2 Nc1+ 37. Bxc1 Bxc1 38. Nh3 Kf8 39. Kd3 Ke8 40. Kc2 Ba3 41. Kc3 Be7 42. Ng1 Bh4 43. f3 Kd7 44. Ne2 Be1+ 45. Kc2 Kc6 46. Nc1 Bf2 47. Kd3 Kb5 48. Ne2 Kb4 49. Kc2 a5 50. Kb2 b5 0-1

[Event "Campeonato Estadual Absoluto Std RJ 202"]
[Site "TTC Sala de Xadrez Ed Leonard"]
[Date "2025.11.22"]
[Round "3.2"]
[White "Mesquita, Arnaldo Leite"]
[Black "Roland, Marcos Maldonado"]
[Result "0-1"]
[WhiteElo "1756"]
[BlackElo "2089"]
[PlyCount "60"]
[EventDate "2025.11.20"]
[EventRounds "6"]
[EventCountry "BRA"]

1. Nf3 Nf6 2. c4 c5 3. e3 g6 4. d4 Bg7 5. Nc3 O-O 6. Be2 cxd4 7. exd4 d5 8. O-O dxc4 9. Ne5 Nc6 10. Nxc6 bxc6 11. Bxc4 Rb8 ({RR} 11... Bg4 12. Qa4 Bd7 13. Rd1 c5 14. Bb5 cxd4 15. Rxd4 Bxb5 16. Rxd8 Bxa4 17. Rxa8 Rxa8 18. Nxa4 Nd5 19. Bg5 h6 20. Be3 Nxe3 21. fxe3 Rd8 22. Rc1 Rd2 23. Rc8+ Kh7 24. Rc7 Bf6 25. Rxa7 Bh4 26. g3 {Lenic,L (2575)-Mikhalevski,V (2625) Novi Sad 2009 ½-½ (42)}) 12. Qe2 $146 ({RR} 12. Bb3 Ba6 13. Re1 Nd5 14. Bg5 Re8 15. Nxd5 cxd5 16. Qd2 Qb6 17. Bf4 Rbc8 18. Be5 e6 19. Bxg7 Kxg7 20. Rac1 Bc4 21. Bxc4 Rxc4 22. Rxc4 dxc4 23. Qc3 Kg8 24. d5 Qb5 25. dxe6 Rxe6 26. Rxe6 fxe6 {Al Tahir,H-Waters,M (2110) Buenos Aires 1992 ½-½ (45)}) ({RR} 12. b3 Nd5 13. Bxd5 cxd5 14. Bf4 Rb4 15. Be5 Bxe5 16. dxe5 d4 17. a3 Rb8 18. Ne2 Ba6 19. Re1 d3 20. Ng3 d2 21. Re3 Qd7 22. Ne4 Rfd8 23. Ra2 Qg4 24. f3 Qf4 25. Kf2 Qh4+ 26. Ng3 Qd4 {Bhosale,S (1984)-Avinash,R (2349) Madurai 2022 0-1 (35)}) ({RR} 12. Bb3 Rb4 13. Ne2 Ba6 14. Re1 Nd5 15. Be3 e5 16. Qd2 Qd6 17. Bxd5 cxd5 18. a3 Rb3 19. Nc1 Rb7 20. b4 e4 21. Nb3 Bc4 22. Nc5 Re7 23. Bg5 f6 24. Bf4 Qd8 25. h4 Rfe8 26. Rac1 Rf7 {Vehkalahti,V (2045)-Jolkkonen,K Finland 2005 ½-½ (42)}) ({RR} 12. h3 Qd6 13. Ne2 Nd5 14. b3 Bb7 15. Bb2 Rbd8 16. Qc1 Rfe8 17. Ba3 Qf6 18. Bc5 Nb6 19. Rb1 Bc8 20. Ng3 Bf5 21. Nxf5 Qxf5 22. Rd1 Rd7 23. Bd3 Qd5 24. Be2 Qe6 25. Bg4 f5 26. Bf3 Nd5 {Gierth,H (2300)-Summermatter,D (2315) Switzerland 1996 ½-½ (82)}) 12... Qxd4 13. Be3 Qh4 14. g3 Qh3 15. f3 Be6 16. Rf2 Nd5 17. Bxa7 Rb7 18. Bxd5 cxd5 19. Qe3 Rc8 20. Bd4 Bh6 21. Qe5 f6 22. Qe2 Bf7 23. g4 e5 24. Qa6 Rcb8 25. Ba7 Rxb2 26. Nd1 Rb1 27. Bxb8 Rxa1 28. Qc8+ Kg7 29. Rf1 Rxd1 30. Rxd1 Be3+ 0-1

[Event "Campeonato Estadual Absoluto Std RJ 202"]
[Site "TTC Sala de Xadrez Ed Leonard"]
[Date "2025.11.22"]
[Round "3.3"]
[White "Guimaraes, Wagner Peixoto"]
[Black "Morais, Wagner Soares De"]
[Result "1-0"]
[WhiteElo "2093"]
[BlackElo "1884"]
[PlyCount "77"]
[EventDate "2025.11.20"]
[EventRounds "6"]
[EventCountry "BRA"]

1. e4 c5 2. Nf3 d6 3. Bb5+ Bd7 4. Bxd7+ Qxd7 5. c4 Nf6 6. Nc3 g6 7. O-O Bg7 8. d4 cxd4 9. Nxd4 O-O 10. f3 Nc6 11. Be3 b6 ({RR} 11... Qd8 12. Nde2 Qa5 13. Qd2 e6 14. Rfd1 Rfd8 15. b3 d5 16. exd5 exd5 17. Qc2 dxc4 18. bxc4 {0-1 (18) Movsesian,S (2721)-Gelfand,B (2741) Moscow 2010}) 12. Rc1 ({RR} 12. Qd2 Rac8 13. b3 Rfd8 14. Rac1 e6 15. Rfd1 Qb7 16. Ndb5 Qb8 17. Bf4 Ne5 18. Nxd6 Ne8 19. Ncb5 a6 20. Qb4 axb5 21. Nxc8 Rxc8 22. Qxb5 Nxf3+ 23. gxf3 Qxf4 24. Qd7 Rb8 25. Qd3 Bb2 26. Rc2 Ba3 {Lancman,K (2150)-Da Silva,G (2107) chess.com INT 2025 0-1 (43)}) 12... h5 $146 ({RR} 12... Rac8 13. b3 Rfe8 14. Re1 Ne5 15. Re2 Qb7 16. Rd2 Ned7 17. Rcc2 Nc5 18. Nd5 Ncd7 19. Bg5 Nxd5 20. exd5 Bxd4+ 21. Rxd4 b5 22. Re4 Nf6 23. Ree2 bxc4 24. bxc4 Qd7 25. Qd4 Qf5 26. h4 Ra8 27. Bxf6 {Yakimov,S (2265)-Solodovnikov,M (2189) Novosibirsk 2001 0-1 (42)}) ({RR} 12... Rac8 13. b3 Nxd4 14. Bxd4 e6 15. Qd3 Rfd8 16. Rfd1 Qe7 17. Qe2 Nd7 18. Bxg7 Kxg7 19. Qf2 Nc5 20. Qd4+ Qf6 21. Qe3 Nb7 22. f4 h5 23. Rf1 Qe7 24. f5 exf5 25. Nd5 Qe5 26. exf5 Qxe3+ 27. Nxe3 {Guillemette,H (2002)-De Souza,C (2018) chess.com INT 2024 1-0 (53)}) ({RR} 12... Rac8 13. b3 Nxd4 14. Bxd4 e6 15. Qd3 Rfd8 16. Rfd1 Qe7 17. Qe2 Nd7 18. Bxg7 Kxg7 19. Qf2 Nc5 20. Qd4+ Qf6 21. Qe3 Nb7 22. f4 h5 23. Rf1 Qe7 24. f5 exf5 25. Nd5 Qe5 26. exf5 Qxe3+ 27. Nxe3 {Guillemette,H (2002)-De Souza,C (2018) chess.com INT 2024 1-0 (53)}) 13. Qd3 Ne5 14. Qe2 Rac8 15. b3 Rfe8 16. Rfd1 Qb7 17. Qf2 Kh7 18. Nde2 Rcd8 19. Bg5 Qc8 20. Kh1 Kg8 21. Qh4 Qb7 22. Be3 Rc8 23. Nf4 Rcd8 24. Nfd5 Nxd5 25. Nxd5 Rd7 26. a4 Kf8 27. Rd2 Rc8 28. Rcd1 Rcd8 29. h3 f6 30. f4 Nc6 31. f5 g5 32. Qxh5 Ne5 33. Rf1 Rb8 34. h4 Nf7 35. hxg5 Nxg5 36. Bxg5 fxg5 37. Qxg5 Bf6 38. Qg6 Qc8 39. Nf4 1-0

[Event "Campeonato Estadual Absoluto Std RJ 202"]
[Site "TTC Sala de Xadrez Ed Leonard"]
[Date "2025.11.22"]
[Round "3.4"]
[White "Manzi, Luiz Antonio Bardar"]
[Black "Lopes, Eduardo Moraes"]
[Result "0-1"]
[WhiteElo "2058"]
[BlackElo "1912"]
[PlyCount "66"]
[EventDate "2025.11.20"]
[EventRounds "6"]
[EventCountry "BRA"]

1. Nf3 {Ramirez Alvarez,Alejandro} Nf6 2. c4 g6 3. g3 Bg7 4. Bg2 O-O 5. O-O d6 6. Nc3 e5 7. d3 Nc6 8. e4 h6 9. h3 ({RR} 9. Be3 Kh7 10. h3 Nd7 11. Rc1 Nd4 12. Bxd4 exd4 13. Ne2 c5 14. h4 b5 15. cxb5 Rb8 16. a4 a6 17. b4 axb5 18. bxc5 dxc5 19. axb5 Rxb5 20. Nf4 Ne5 21. Bh3 Bb7 22. h5 Nxf3+ 23. Qxf3 Qd6 {Hammer,J (2677)-Vachier Lagrave,M (2723) Stavanger 2015 CBM 167 [Ramirez Alvarez,Alejandro] ½-½ (61)}) 9... Be6 ({RR} 9... Nh5 10. Rb1 a5 11. a3 Be6 12. b4 axb4 13. axb4 Qd7 14. Kh2 f5 15. Nh4 Bf7 16. Nd5 Nd4 17. Be3 f4 18. Bxd4 fxg3+ 19. fxg3 exd4 20. Qg4 Qd8 21. Nxg6 Bxg6 22. Qxg6 Kh8 23. Qxh5 Ra2 24. Nf4 {Pham Bich Ngoc (2196)-Chabris,C (2054) chess.com INT 2025 1-0}) 10. Be3 Qd7 11. Kh2 a5 $146 ({RR} 11... g5 12. g4 Ne7 13. Ne2 Nxg4+ 14. hxg4 Bxg4 15. Nfg1 f5 16. f3 f4 17. fxg4 Qxg4 18. Bf2 Qh5+ 19. Bh3 g4 20. Nc3 f3 21. Nd5 Ng6 22. Ne3 gxh3 23. Nf5 Rxf5 24. exf5 e4 25. Bg3 Be5 26. Nxf3 {Laplaza Ara,C (1954)-Colom Sienes,E (2005) Aragon 2015 1-0 (48)}) ({RR} 11... Nh5 12. Nd5 Nd8 13. d4 c6 14. Qe2 cxd5 15. cxd5 Bxd5 16. exd5 e4 17. Ng1 f5 18. Qd2 Nf7 19. f3 exf3 20. Bxf3 Nf6 21. Ne2 g5 22. Nc3 Rae8 23. Bg2 Nh5 24. Bf2 Nh8 25. Rae1 Ng6 26. Qd3 {Bakic,R (2440)-Miljanic,B (2460) Vrnjacka Banja 1998 1-0 (48)}) ({RR} 11... Kh7 12. Nd5 Ng8 13. Ng1 f5 14. Qd2 Rae8 15. Rae1 b6 16. Ne2 Nd4 17. Bxd4 exd4 18. Nef4 Bf7 19. exf5 gxf5 20. Qd1 c6 21. Nb4 Rxe1 22. Rxe1 c5 23. Nbd5 Be5 24. Qd2 Qd8 25. h4 Bxd5 26. Bxd5 {Sabao,R-Garcia Palermo,C Caseros 1974 0-1 (40)}) 12. Qd2 Kh7 13. Nd5 Bxd5 14. cxd5 Ne7 15. Rac1 c6 16. dxc6 bxc6 17. Rfe1 c5 18. Ng1 Rfb8 19. Rc2 Nc6 20. a3 Rb3 21. Ne2 Rab8 22. Nc1 R3b6 23. f4 exf4 24. gxf4 Rxb2 25. e5 Rxc2 26. Qxc2 dxe5 27. Qxc5 Rc8 28. fxe5 Nxe5 29. Qxa5 Nfg4+ 30. Kh1 Nxe3 31. Rxe3 Rxc1+ 32. Kh2 Qd6 33. Qb4 Nf3# 0-1

[Event "Campeonato Estadual Absoluto Std RJ 202"]
[Site "TTC Sala de Xadrez Ed Leonard"]
[Date "2025.11.22"]
[Round "3.5"]
[White "Frolov, Ivan"]
[Black "Pereira, Pedro Nunes"]
[Result "1-0"]
[WhiteElo "2029"]
[BlackElo "1825"]
[PlyCount "81"]
[EventDate "2025.11.20"]
[EventRounds "6"]
[EventCountry "BRA"]

1. e4 e5 2. Nf3 Nc6 3. Bc4 Bc5 4. c3 Nf6 5. d4 exd4 6. cxd4 Bb4+ 7. Nc3 d5 8. exd5 Nxd5 9. O-O Bxc3 10. bxc3 O-O 11. Qc2 Bg4 12. Ng5 ({RR} 12. Ne5 Nxe5 13. dxe5 Be6 14. Ba3 Re8 15. Rad1 c6 16. Bb3 Qg5 17. Qe4 Nxc3 18. Qb4 Nxd1 19. Bxd1 Qxe5 20. Qxb7 Bc4 21. Bb3 Rab8 22. Qxb8 Rxb8 23. Bxc4 Qc3 24. Bb3 Rxb3 25. axb3 Qxb3 26. Bc5 a5 {Spitzl,V (2329)-Hambleton,A (2454) Chess.com INT 2021 0-1 (39)}) 12... Nf6 13. Ba3 Na5 $146 ({RR} 13... Re8 14. Nxf7 Qb8 15. Nd6+ Kh8 16. Nxe8 Qxe8 17. Rfe1 Qh5 18. Qd2 Rd8 19. Be6 h6 20. Qf4 Qg6 21. Bxg4 Nxg4 22. Qg3 Qf5 23. h3 Nf6 24. Re3 Ne4 25. Qf3 Qxf3 26. Rxf3 Nd2 27. Rf8+ Rxf8 28. Bxf8 {Van Hove,O-Schoettler,K Dortmund 2000 1-0 (59)}) ({RR} 13... Ne7 14. Rfe1 Bf5 15. Qb3 Nfd5 16. Bxe7 Qd7 17. Bxd5 Bg6 18. Bxf8 Rxf8 19. Qxb7 Rd8 20. Qc6 {1-0 (20) Meurs,T (1675)-Heijster,E (1326) Hengelo 2005}) ({RR} 13... h6 14. Bxf8 hxg5 15. Ba3 Na5 16. Bd3 Nd5 17. Rae1 Nf4 18. Bc1 Qf6 19. Bxf4 gxf4 20. f3 Be6 21. Qe2 Nc6 22. d5 {1-0 (22) Lin,K (1851)-Ng,C (2036) Canberra 2018}) 14. Bd3 h6 15. Bxf8 Kxf8 16. Nh7+ Nxh7 17. Bxh7 g6 18. Bxg6 fxg6 19. Qxg6 Qg5 20. Qxg5 hxg5 21. f4 Re8 22. fxg5+ Kg7 23. Rae1 Rxe1 24. Rxe1 c6 25. h3 Bh5 26. Re5 b5 27. Re7+ Bf7 28. Rxa7 Nc4 29. h4 Kg8 30. a4 bxa4 31. Rxa4 Nd6 32. Ra6 Bd5 33. g4 Kg7 34. h5 Nb5 35. c4 Bxc4 36. Rxc6 Be2 37. d5 Bxg4 38. h6+ Kh7 39. Rb6 Nd4 40. Rb7+ Kg8 41. g6 1-0

[Event "Campeonato Estadual Absoluto Std RJ 202"]
[Site "TTC Sala de Xadrez Ed Leonard"]
[Date "2025.11.22"]
[Round "3.6"]
[White "Reimberg, Arthur Bernardo"]
[Black "Zacarias, Rodrigo Medeiros"]
[Result "1/2-1/2"]
[WhiteElo "1905"]
[BlackElo "2041"]
[PlyCount "127"]
[EventDate "2025.11.20"]
[EventRounds "6"]
[EventCountry "BRA"]

1. c4 c5 2. Nc3 Nc6 3. g3 g6 4. Bg2 Bg7 5. d3 d6 6. e4 e6 7. Nge2 Nge7 8. O-O O-O 9. Be3 Nd4 10. f4 Nec6 11. Qd2 ({RR} 11. h3 Rb8 12. Rb1 a6 13. Kh2 b5 14. b3 Bd7 15. Qd2 Qa5 16. Rfd1 Rfd8 17. Bf2 b4 18. Nxd4 bxc3 19. Nxc6 Bxc6 20. Qc2 Bd4 21. Be1 d5 22. cxd5 exd5 23. e5 f6 24. exf6 Bxf6 25. Rbc1 Re8 {Jobava,B (2578)-Pultinevicius,P (2561) chess.com INT 2022 0-1 (44)}) 11... Rb8 12. Rab1 $146 ({RR} 12. Rac1 Qa5 13. Kh1 Bd7 14. g4 f5 15. gxf5 exf5 16. Ng3 a6 17. b3 Rbe8 18. Nd5 Qxd2 19. Bxd2 Ne7 20. Nxe7+ Rxe7 21. Rce1 Rfe8 22. exf5 Nxf5 23. Bxb7 Nxg3+ 24. hxg3 Bf5 25. Bd5+ Kf8 26. Rxe7 Rxe7 {Hoen,R-Stefanov,J Muenchenstein/Basel 1959 ½-½}) ({RR} 12. h3 Bd7 13. Kh2 a6 14. g4 f5 15. gxf5 gxf5 16. Rg1 Kh8 17. Bxd4 cxd4 18. Nd1 Bf6 19. exf5 exf5 20. Nf2 Bh4 21. Nh1 Qf6 22. Nhg3 Rbe8 23. Rae1 Re3 24. Nf1 Bxe1 25. Qxe1 Rxd3 26. Bd5 Qh6 {Asish,P (1910)-Gharibyan,M (2473) Chess.com INT 2025 0-1 (32)}) ({RR} 12. h3 Bd7 13. Kh2 a6 14. g4 f5 15. gxf5 gxf5 16. Rg1 Kh8 17. Bxd4 cxd4 18. Nd1 Bf6 19. exf5 exf5 20. Nf2 Bh4 21. Nh1 Qf6 22. Nhg3 Rbe8 23. Rae1 Re3 24. Nf1 Bxe1 25. Qxe1 Rxd3 26. Bd5 Qh6 {Asish Panda (1910)-Gharibyan,M (2473) chess.com INT 2025 0-1 (32)}) 12... Qa5 13. a3 Nxe2+ 14. Nxe2 Qxd2 15. Bxd2 Nd4 16. Kf2 b5 17. Bc3 Nb3 18. Bxg7 Kxg7 19. Rfd1 Ba6 20. cxb5 Bxb5 21. Nc1 Nd4 22. b3 Ba4 23. Rd2 Rb6 24. Bf3 Nxb3 25. Nxb3 Rfb8 26. Nxc5 dxc5 27. Rc1 Rc8 28. Rc4 Bb3 29. Rc3 a5 30. Rb2 a4 31. Be2 Rbc6 32. Ke3 f6 33. Rb1 e5 34. Rbc1 Kf8 35. h4 h6 36. h5 g5 37. Rf1 Ke7 38. fxe5 fxe5 39. Bg4 Rf8 40. Bf5 Bf7 41. g4 Rb8 42. Bd7 Rc7 43. Bxa4 Be6 44. Rfc1 Kd6 45. Bd1 Rb2 46. Be2 Bd7 47. R1c2 Rxc2 48. Rxc2 Ra7 49. Rb2 Kc7 50. Rb3 Ba4 51. Rc3 Kd6 52. Rc1 Bb3 53. Rc3 Be6 54. Kf2 Rf7+ 55. Kg3 Rb7 56. Kf2 Rb3 57. Rxb3 Bxb3 58. Ke3 Kc6 59. Kd2 Kb6 60. Kc3 Be6 61. Bd1 Ka5 62. a4 Kb6 63. Kb2 Ka5 64. Kc3 1/2-1/2

[Event "Campeonato Estadual Absoluto Std RJ 202"]
[Site "TTC Sala de Xadrez Ed Leonard"]
[Date "2025.11.22"]
[Round "3.7"]
[White "Mattos, Bernardo Cunha"]
[Black "Santos Filho, Tadeu Sousa"]
[Result "0-1"]
[WhiteElo "1779"]
[BlackElo "2016"]
[PlyCount "168"]
[EventDate "2025.11.20"]
[EventRounds "6"]
[EventCountry "BRA"]

1. c4 f5 2. Nc3 Nf6 3. g3 g6 4. Bg2 Bg7 5. e3 e5 6. Nge2 d6 7. O-O O-O 8. d4 e4 9. b4 ({RR} 9. b3 c6 10. f3 exf3 11. Bxf3 Re8 12. Qd3 Na6 13. Bd2 Nc7 14. Rae1 d5 15. Nf4 Be6 16. Nxe6 Rxe6 17. Bg2 Qd7 18. Ne2 Rae8 19. Nf4 R6e7 20. Bb4 Rf7 21. Re2 Ne4 22. Ba3 Ne6 23. Nh3 Bh6 {Kovalyov,A (2475)-Felgaer,R (2556) Berazategui 2007 0-1 (48)}) ({RR} 9. Rb1 a5 10. a3 Na6 11. b4 axb4 12. axb4 c6 13. b5 Nc7 14. bxc6 bxc6 15. Qb3 Kh8 16. Qb6 Bd7 17. Bd2 g5 18. Qb4 Be6 19. Rfc1 Qd7 20. h3 Na6 21. Qb3 Rfb8 22. Qa4 Nb4 23. Rxb4 Rxa4 {Samaganova,A (1856)-Larina,M (1948) chess.com INT 2023 0-1 (38)}) 9... a5 10. b5 Nbd7 $146 ({RR} 10... Be6 11. d5 Bf7 12. Rb1 Nbd7 13. Na4 Ne5 14. Qb3 c6 15. Nec3 g5 16. f4 exf3 17. Bxf3 Nxf3+ 18. Rxf3 c5 19. Rb2 Bg6 20. b6 Ng4 21. Rg2 Qd7 22. Nb5 f4 23. Nac3 fxe3 24. Rxf8+ Rxf8 25. Nd1 {Knoedler,M (1647)-Vakulenko,A (2144) Wiesbaden 2019 0-1}) ({RR} 10... b6 11. Ba3 Qe8 12. c5 d5 13. cxb6 cxb6 14. Bxf8 Bxf8 15. Qb3 g5 16. Nxd5 Nxd5 17. Qxd5+ Be6 18. Qxa8 Bc4 19. Nc3 Bxf1 20. Bxf1 Bb4 21. Nd5 f4 22. Nf6+ {1-0 (22) Redzisz,M (2257)-Roebers,J (2154) Chess.com INT 2021}) ({RR} 10... b6 11. Ba3 Qe8 12. c5 d5 13. cxb6 cxb6 14. Bxf8 Bxf8 15. Qb3 g5 16. Nxd5 Nxd5 17. Qxd5+ Be6 18. Qxa8 Bc4 19. Nc3 Bxf1 20. Bxf1 Bb4 21. Nd5 f4 22. Nf6+ {1-0 (22) Redzisz,M (2257)-Roebers,J (2154) Chess.com INT 2021}) 11. Na4 Kh8 12. Ba3 Re8 13. Qc2 Nf8 14. d5 b6 15. Bb2 Qe7 16. Nac3 Bd7 17. Nb1 g5 18. Nd2 Qf7 19. f4 Ng4 20. Bxg7+ Qxg7 21. Qb3 h6 22. h3 Nf6 23. Kh2 Qg6 24. Rh1 Qh5 25. Bf1 Ng6 26. Qc3 Rf8 27. Ng1 gxf4 28. exf4 Ne7 29. Be2 Qg6 30. Nf1 Rf7 31. a4 Rg8 32. Ra2 Qg7 33. Rc2 Ng6 34. Qe3 Bc8 35. Rc3 Kh7 36. Kg2 Nd7 37. Kf2 Nc5 38. Ra3 Qb2 39. Qc3 Qxc3 40. Rxc3 Nxa4 41. Ra3 Nc5 42. Ne3 Rfg7 43. Bd1 Nd3+ 44. Kf1 Nc5 45. Ne2 h5 46. h4 Nf8 47. Rg1 Kg6 48. Nd4 Bd7 49. Be2 Nh7 50. Kf2 Nf6 51. Ndc2 Kh6 52. Rg2 Ra8 53. Nd4 Kg6 54. Rg1 Rag8 55. Rg2 a4 56. Rg1 Ra8 57. Rga1 Rgg8 58. Bd1 Ra7 59. Be2 Rh8 60. R1a2 Rha8 61. Ra1 Ng8 62. Ke1 Nh6 63. Kd2 Nf7 64. Bd1 Nd8 65. Bc2 Ndb7 66. Ne2 Na5 67. Nc3 Nab3+ 68. Bxb3 Nxb3+ 69. Rxb3 axb3 70. Rb1 Ra3 71. Ned1 R8a5 72. Ne3 Ra1 73. Rxb3 Rg1 74. Ne2 Ra2+ 75. Nc2 Rg2 76. Re3 Ra5 77. Ke1 Rh2 78. Kf1 Rh1+ 79. Ng1 Ra2 80. Re2 Ra4 81. Kg2 Rxg1+ 82. Kxg1 Rxc4 83. Na3 Rc3 84. Nc2 Bxb5 0-1

[Event "Campeonato Estadual Absoluto Std RJ 202"]
[Site "TTC Sala de Xadrez Ed Leonard"]
[Date "2025.11.22"]
[Round "3.9"]
[White "Grechi, Marcelo Rezende"]
[Black "Brito, Vicente De Paulo Al"]
[Result "0-1"]
[WhiteElo "1810"]
[BlackElo "1860"]
[PlyCount "32"]
[EventDate "2025.11.20"]
[EventRounds "6"]
[EventCountry "BRA"]

1. e4 e6 2. b3 d5 3. Bb2 Nf6 4. e5 Nfd7 5. Nf3 c5 6. d4 Nc6 7. Bb5 Qa5+ 8. Nc3 cxd4 9. Nxd4 Bb4 10. Qd2 Nxd4 11. Bxd7+ Bxd7 12. Qxd4 Rc8 $146 ({RR} 12... Bc5 13. Qd2 d4 14. Ne4 Bb4 15. c3 Qxe5 16. f3 dxc3 17. Bxc3 Bxc3 18. Qxc3 Qxc3+ 19. Nxc3 Rc8 20. Ne4 Ke7 21. O-O Rhd8 22. Rac1 Rxc1 23. Rxc1 Rc8 24. Rxc8 Bxc8 25. Kf2 f5 26. Nc5 b6 27. Nd3 {Arias Aranda,G (1419)-Rodriguez Guillen,C (1752) Barcelona 2017 0-1 (44)}) 13. Kd2 Bc5 14. Qg4 d4 15. Qxg7 dxc3+ 16. Bxc3 Qxc3+ 0-1